000 00538cam a22001457a 4500
008 180718b1979 xxu||||| |||| 00| 0 eng d
082 _aT39 In8wo
100 _aKeesing, Donald B.
245 _aWorld trade and output of manufactures: Stuructural trends and developing countries exports
_cBy Donald B. Keesing
260 _aWashington, D.C.
_bIBRD
_c1979
300 _a62, 6p. Paper
440 _aWorld Bank Staff Working Paper, No.316
650 _aManufactures - Underdeveloped Areas
650 _aForeign Commerce - Underdeveloped Areas
999 _c225324
_d225324